| 000 | 00586nam a2200205 i 4500 | ||
|---|---|---|---|
| 001 | 11659 | ||
| 003 | ES-MaACL | ||
| 005 | 20230906150140.0 | ||
| 007 | t| | ||
| 008 | 961002s1995 sp |||| | spa d | ||
| 020 | _a84-88562-39-X | ||
| 080 | _a308(460)"1993/1994" | ||
| 245 | 0 | 3 |
_aLa realidad social en España _b: (octubre 1993 - junio 1994). |
| 250 | _a1ª ed. | ||
| 260 |
_aBilbao : _bFundación BBV, _c1995. |
||
| 300 |
_aXLI, 1042 p. ; _c24 cm. |
||
| 651 | 4 |
_aEspaña- _xSituación social- _y1982-1996. _98508 |
|
| 710 | 2 |
_aFundación BBV. _94229 |
|
| 852 |
_aES-MaACL _jL-21269 |
||
| 999 |
_c11659 _d11659 |
||